000 00619nam a2200241 a 4500
001 nice12345678
003 IN_TiNIC
005 20260116013123.0
008 050524s1999 unia grp 000 0 eng
020 _a0750902
_c695
082 0 0 _a909.07
_bBAR
100 _aBartlett, W B
245 _aGod Wills It
_b an Illustrated History of the Crusades.
260 _aUnited Kingdom
_bSutton Publishiing Limited
_c1999
300 _a274p
500 _aincludes index and biblioraphy
505 2 _aIndex
650 _aCrusades
700 1 _aBartlett, W B
902 _bSRS
942 _cBK
999 _c9740
_d9740